000 00965cam a2200253 i 4500
999 _c57691
_d57691
001 20702991
005 20221105203253.0
008 181009s2019 pau bf 001 0 eng
020 _a9781975114435 1
080 _a611 A-25
100 1 _aAgur, A. M. R.,
_eauthor.
_99465
245 1 0 _aMoore's essential clinical anatomy /
_cAnne M.R. Agur, Authur F. Dalley II ; founding coauthor (with Anne M.R. Agur) and coauthor for first to fifth editions, Keith L. Moore.
250 _aSixth edition.
264 1 _aPhiladelphia :
_bWolters Kluwer,
_c[2019].
300 _a730 pages ;
_c28 cm.
_bill.
650 1 2 _aAnatomy
_99467
653 _aმედიცინა
653 _aადამიანის ანატომია
655 2 _aHandbooks
_99468
700 1 _aDalley, Arthur F.,
_cII,
_eავტორი
_99466
700 1 _aMoore, Keith L.
_t
_eავტორი
_99461
942 _2udc
_cBK
955 _axn11 2019-05-16 1 copy rec'd., to CIP ver.